| 000 | 01077nac a22002531u 4500 | ||
|---|---|---|---|
| 010 | _a 94158377 | ||
| 020 | _a0030972191 | ||
| 020 | _a0030988160 | ||
| 035 | _a(OCoLC)28998314 | ||
| 082 | 0 | 0 |
_a004.22 _bG6531 |
| 090 |
_c4278 _d4278 |
||
| 100 | _aGoodman, James | ||
| 245 | 1 | 2 |
_aA programmer's view of computer architecture : _bwith Assembly Language examples from the MIPS RISC architecture / _cJames Goodman, Karen Miller. |
| 260 |
_aForth Worth, Tex. : _bSaunders College Pub., _cc1992. |
||
| 300 |
_axi, 402 p. : _bill. ; _c24 cm. |
||
| 500 | _aIncludes index. | ||
| 650 | 0 | _aComputer architecture. | |
| 650 | 0 | _aReduced instruction set computers. | |
| 700 | 1 |
_aMiller, Karen, _d1962- |
|
| 856 | 4 | 2 |
_3Publisher description _uhttp://www.loc.gov/catdir/enhancements/fy0636/94158377-d.html |
| 856 | 4 | 2 |
_3Table of contents only _uhttp://www.loc.gov/catdir/enhancements/fy0636/94158377-t.html |
| 942 |
_cBB _k004.22G6531 |
||
| 999 |
_c4278 _d4278 |
||